00982nam a22002417a 450000500170000000800410001702000380005804000190009604100120011508200150012710000160014224501290015826000590028730000140034644000420036050501040040265000340050670000250054085000140056594200070057999900170058695201370060320250703145006.0250703b |||||||| |||| 00| 0 eng d a9789385005831 cRs.2695.00 [set] aLoreto College aEnglish a891.2bBHA aBharatamuni aNatyasastrambA treatise on ancient Indian dramaturgy and histrionicscAscribed to Bharatamuni;translated by Manomohan Ghosh aVaranasibChaukhamba Surbharati Prakashan c2025 axiii,504p aThe Chaukhamba surbharati studiesv21 aVol.II Ch.21-36 Sanskrit text with transliteration, English translation, notes,sloka and word index aDrama,ancient-TreatisezIndia 4tr.aGhosh,Manomohan aLCLIBbPG cBK c44137d94616 00102ddc4070aMAINbMAINcPost Graduated2025-07-03g2695.00l1o891.2 BHA PG283p48300r2026-05-14s2026-05-07w2025-07-03yBKf